UEFA - Euro U21 - Meilleur Joueur - Statistiques

Statistiques générales
  • Ce quiz a été pris 12 fois
  • Le résultat moyen est 9 sur 25
Statistiques - réponses
Année Nationalité Initiales Meilleur Joueur % Correct
2025 Angleterre H.E Harvey Elliott
91%
2021 Portugal F.V Fábio Vieira
64%
2000 Italie A.P Andrea Pirlo
55%
2019 Espagne F.R Fabián Ruiz
55%
2011 Espagne J.M Juan Mata
55%
2006 Pays-Bas K-J.H Klaas-Jan Huntelaar
55%
1994 Portugal L.F Luís Figo
55%
2015 Portugal W.C William Carvalho
55%
2023 Angleterre A.G Anthony Gordon
45%
1990 Yougoslavie (Croatie) D.S Davor Šuker
45%
2002 République Tchèque P.C Petr Čech
45%
1988 France L.B Laurent Blanc
36%
1982 Allemagne R.V Rudi Völler
36%
2017 Espagne D.C Dani Ceballos
27%
1996 Italie F.C Fabio Cannavaro
27%
2007 Pays-Bas R.D Royston Drenthe
27%
2013 Espagne T.A Thiago Alcántara
27%
1978 Yougoslavie (Bosnie-Herzégovine) V.H Vahid Halilhodžić
27%
2009 Suède M.B Marcus Berg
18%
2004 Italie A.G Alberto Gilardino
9%
1980 Union soviétique (Ukraine) A.D Anatoli Demyanenko
9%
1998 Espagne F.A Francesc Arnau
9%
1986 Espagne M.S Manuel Sanchís
9%
1984 Angleterre M.H Mark Hateley
9%
1992 Italie R.B Renato Buso
9%
Aucun quiz correspondant
Distribution des résultats
% des personnes avec chaque résultat
Percentile par nombre de réponses
Votre historique - résultats
Vous n’avez pas pris ce quiz